Íntima distancia /
El tiempo en la prosa de Alejandra Zina nos hace habitar cada uno de los momentos cotidianos relatados en los cuales sin embargo, precisamente por la manera en que los aborda, se revela la vida en su totalidad. Vida y escritura son los ejes de esta serie de relatos que recuperan el pasaje que va de...
Guardado en:
| Autor Principal: | |
|---|---|
| Formato: | Libro |
| Idioma: | Undetermined |
| Publicado: |
Buenos Aires :
Dábale Arroz,
2023.
|
| Edición: | 1a ed. |
| Series: | Identidades bonaerenses
|
| Materias: | |
| Etiquetas: |
Agregar Etiqueta
Sin Etiquetas, Sea el primero en etiquetar este registro!
|
| LEADER | 01561nam a22002655a 4500 | ||
|---|---|---|---|
| 001 | CEM.cems024810 | ||
| 008 | 250716s2023####ag############000#0#und#d | ||
| 005 | 20250716154800.0 | ||
| 245 | 1 | 0 | |a Íntima distancia / |c Alejandra Zina. |
| 250 | |a 1a ed. | ||
| 260 | |a Buenos Aires : |b Dábale Arroz, |c 2023. | ||
| 300 | |a 122 p. | ||
| 490 | 1 | |a Identidades bonaerenses | |
| 500 | |a Edición especial de la Dirección de Cultura y Educación de la Provincia de Buenos Aires. | ||
| 500 | |a Sugerencia de edad: a partir de ciclo orientado (requiere acompañamiento docente). | ||
| 520 | |a El tiempo en la prosa de Alejandra Zina nos hace habitar cada uno de los momentos cotidianos relatados en los cuales sin embargo, precisamente por la manera en que los aborda, se revela la vida en su totalidad. Vida y escritura son los ejes de esta serie de relatos que recuperan el pasaje que va de la ciudad a distintos pueblos y ciudades del interior bonaerense como Mercedes, Luján, San Pedro y Bolívar. En palabras de la misma autora: "Me gusta mirar la cara de las personas, los gestos mínimos que dicen cosas hondas, antiguas. Las cosas que se van de control". | ||
| 020 | |a 9789874810861 | ||
| 100 | 1 | |a Zina, Alejandra. | |
| 653 | |a Narrativa argentina | ||
| 653 | |a Literatura argentina | ||
| 653 | |a Novela argentina | ||
| 653 | |a Identidades bonaerenses | ||
| 859 | |a CEMS |b BIB. CEMS - 11 de abril |h A863.4 |i Z77 |k CE |p 30159.25 |t Ej.1 | ||
| 859 | |a CEMS |b BIB. CEMS - 11 de abril |h A863.4 |i Z77 |p 30157.25 |t Ej.1 | ||
| 859 | |a CEMS |b BIB. CEMS - 11 de abril |h A863.4 |i Z77 |p 30158.25 |t Ej.2 | ||
